Physical properties of soils (Record no. 546421)
[ view plain ]
| 000 -LEADER | |
|---|---|
| fixed length control field | 00497cam a2200157 4500 |
| 082 ## - DEWEY DECIMAL CLASSIFICATION NUMBER | |
| Classification number | 624.15136 |
| Author Mark | MEA |
| -- | l-16, p-23 |
| 100 1# - MAIN ENTRY--PERSONAL NAME | |
| Personal name | Means, R. E. |
| 9 (RLIN) | 42542 |
| 245 10 - TITLE STATEMENT | |
| Title | Physical properties of soils |
| Statement of responsibility, etc. | [by] R. E. Means [and] J. V. Parcher. |
| 260 ## - PUBLICATION, DISTRIBUTION, ETC. | |
| Place of publication, distribution, etc. | Columbus, Ohio, |
| Name of publisher, distributor, etc. | C. E. Merrill Books |
| Date of publication, distribution, etc. | [c1963] |
| 300 ## - PHYSICAL DESCRIPTION | |
| Extent | xv, 464 p. |
| Other physical details | illus. |
| Dimensions | 24 cm. |
| 526 ## - STUDY PROGRAM INFORMATION NOTE | |
| Program name | 0 |
| Interest level | 0 |
| Reading level | 0 |
| Title point value | 624_151360000000000_MEA |
| 650 #0 - SUBJECT ADDED ENTRY--TOPICAL TERM | |
| Topical term or geographic name entry element | MCE |
| 9 (RLIN) | 379 |
| 650 #0 - SUBJECT ADDED ENTRY--TOPICAL TERM | |
| Topical term or geographic name entry element | Soil mechanics. |
| 700 1# - ADDED ENTRY--PERSONAL NAME | |
| Personal name | Parcher, James V., |
| 9 (RLIN) | 42543 |
| 942 ## - ADDED ENTRY ELEMENTS (KOHA) | |
| Source of classification or shelving scheme | |
| Koha item type | Book |
| Withdrawn status | Lost status | Source of classification or shelving scheme | Damaged status | Not for loan | Permanent Location | Current Location | Date acquired | Total Checkouts | Full call number | Barcode | Date last seen | Price effective from | Koha item type |
|---|---|---|---|---|---|---|---|---|---|---|---|---|---|
| Military College of Engineering (MCE) | Military College of Engineering (MCE) | 06/11/2014 | 624.15136 MEA | MCE-2376 | 06/11/2014 | 06/11/2014 | Book |
